Lagunas de oxidación en costa Rica
Gardado en:
| Autor Principal: | |
|---|---|
| Outros autores: | , , , |
| Formato: | Libro |
| Publicado: |
San José, Costa Rica
1961
|
| Materias: | |
| Etiquetas: |
Engadir etiqueta
Sen Etiquetas, Sexa o primeiro en etiquetar este rexistro!
|
MARC
| LEADER | 00000nam a2200000Ia 4500 | ||
|---|---|---|---|
| 003 | PIC155 | ||
| 005 | 20240102134135.0 | ||
| 008 | 140116s1962 c a 000 ||s d | ||
| 040 | |c cru CEDI | ||
| 090 | |a PIC-155 | ||
| 100 | |a Sáenz Forero, Rodolfo, 1934-2021 |9 2056 | ||
| 245 | |a Lagunas de oxidación en costa Rica | ||
| 260 | |a San José, Costa Rica |c 1961 | ||
| 300 | |a 30 hojas :ilustraciones | ||
| 500 | |a Informe sobre los trabajos de campo efectuados por el Servicio Cooperativo Interamericano de Salubridad Pública (SCISP) en Costa Rica con el propósito de contribuir al estudio del comportamiento de tales instalaciones en los trópicos. Incluye el análisis de: I. Cuatro períodos de pruebas en las lagunas de oxidación para tratar las aguas negras de la Ciudad de Cañas, Guanacaste II. Dos períodos de pruebas en las lagunas de oxidación experimental para tratar las mieles de café en Santa María de Dota III. Dos períodos de pruebas en las lagunas de oxidación experimental para tratar los desechos del matadero de Las Juntas de Abangares | ||
| 501 | |a Ed. mimeografiada | ||
| 650 | |x AGUAS RESIDUALES |9 17228 | ||
| 700 | |a Rodríguez Coto, Julio, 1926-1990 |9 2057 | ||
| 700 | |a Méndez Arias, Renán,1913-1971 |9 2058 | ||
| 700 | |9 17224 |a Morales Molina, Armando | ||
| 700 | |9 17226 |a Whitsell, Wilbur J | ||
| 942 | |c PIC |h PIC-155 |i PIC155 |6 PIC_155_PIC155 | ||
| 999 | |c 13501 |d 13501 | ||
